000
00300nam a2200133Ia 4500
008
190216s9999||||xx |||||||||||||| ||und||
100
_a
Chopra P N
245
0
_a
Development Planning
250
_a
1st Ed.
260
_b
Vishal Publcations
_c
1974
300
_a
212
650
_a
Economics
942
_c
BK
999
_c
9452
_d
9452